| 000 | 00535nam a22001697a 4500 | ||
|---|---|---|---|
| 999 |
_c8620 _d8620 |
||
| 008 | 201208b ||||| |||| 00| 0 eng d | ||
| 040 | _aBMS College of Architecture | ||
| 100 | _aJacob, Ann Karen | ||
| 245 | _aCancer care center | ||
| 300 | _a29p. | ||
| 500 | _a1BM12AT029 | ||
| 502 |
_8B,Arch _NBMS College of Architecture, Visvesvaraya technological University (VTU) _aProject report _d2016 |
||
| 650 | _aHealing through Architecture | ||
| 700 |
_aChannabasavaradhya K B _eGuide |
||
| 700 |
_aPrathima N _eGuide |
||
| 942 |
_2ddc _cTHE |
||